| 000 | 00428ngm a22001937a 4500 | ||
|---|---|---|---|
| 005 | 20170227141452.0 | ||
| 006 | g|||||r|||| s0| m| | ||
| 008 | 160211b xxu||||| |||| s0| m|spa d | ||
| 041 | _aspa | ||
| 082 | _a303 DVD | ||
| 100 |
_aRich Art _940786 |
||
| 245 | _aZen Spirit | ||
| 260 | _aCosta Rica | ||
| 260 | _bRich Art | ||
| 260 | _c2007 | ||
| 650 |
_aMEDITACIÓN _9261 |
||
| 650 |
_aESPÍRITU _922287 |
||
| 942 | _cDVD | ||
| 999 |
_c8914 _d8914 |
||